000 00930 a2200313 4500
005 20260421112319.0
008 260421b |||||||| |||| 00| 0 eng d
022 _a 20069855
041 _aEn
044 _aCIV
090 _bDG/A/1677
100 _aN'GUESSAN, Walet pierre
100 _aKOUAME, N'dri Norbert
100 _aN'GUESSAN, Kouame Francois
100 _aALLOU, Kouassi Rene
110 _aCentre National de Recherche Agronomique
110 _bCote d'Ivoire
245 _aRecord of and species associated with mealy bug vectors of cacao Swollen Shoot Virus
_b (CSSV) in CNRA-DIVO research station , Cote d'Ivoire
260 _aJournal of Entomology and Nematology
260 _c Mars 2026
302 _a p.1-7
388 _a2026-04-21
650 _2AGROVOC
_gAssociation
650 _gCochenilles
650 _gIdentification
650 _gFourmis
650 _g Miellat
650 _g Protection.
999 _c6025
_d6025